000 00677nam a22002417a 4500
001 2026
003 CO-MdFUSB
005 20180622072727.0
008 170523t1985 s ||||| |||| 00| 0 s d
020 _a84-7228-996-6
040 _aCO-MdFUSB
_bspa
_cCO-MdFUSB
_dCO-MdFUSBC
_erda
041 0 _aspa
082 0 4 _aG 220.64 S6131s
100 1 _aSimpson, A. B.
_eautor
245 0 _aSímbolos divinos
_c / A. B. Simpson ; Eliseo Vila, Traductor
264 4 _aTerrassa, Barcelona, España :
_bCLIE,
_c©1985
300 _a231 Pag.
336 _2rdacontent
_a1
_ba1
337 _2rdamedia
_a2
_b5
338 _2rdacarrier
_a2
_b5
653 _aSimbolismo en la Biblia
942 _cBK
999 _c33097
_d33097